| 000 | 01062nam0a22002411 4500 | ||
|---|---|---|---|
| 001 | rc\948113 | ||
| 005 | 20260407114054.0 | ||
| 035 | _a(NLR Aleph) 006120047 | ||
| 090 |
_a5451086 _c5451086 |
||
| 100 | _a20041129d1982 |||y0rusy50 ca | ||
| 101 | 0 | _arus | |
| 102 | _aRU | ||
| 105 | _ay ||||||||| | ||
| 200 | 1 |
_aМетодические рекомендации по составлению производственно-экономического плана (стройфинплана) строительно-монтажных организаций _fНИИ экономики стр-ва _g[Принимали участие Э.С. Паперно и др.] |
|
| 210 |
_aМ. _cСтройиздат _d1982 (вып. дан. 1983) |
||
| 215 |
_a143 с. _d20 |
||
| 702 | 1 |
_aПаперно _bЭ.С. _gЭрна Самуиловна _4570 |
|
| 712 | 0 | 2 |
_aНИИ экономики строительства _cМосква _3RU\NLR\AUTH\889946019 _9387534 |
| 801 | 0 |
_aRU _bNLR _gpsbo |
|
| 801 | 1 |
_aRU _bELAR _2rusmarc |
|
| 852 |
_aNLR _j83-3/8900 |
||
| 942 | _cBOOK | ||
| 980 | _aNB | ||